00274nam a2200121Ia 4500100001600000650002700016654001500043245002800058260003500086082001100121300000800132546001200140 aBelt/ F.H.  aElectrical Engineering atelevision aEasy guide to colour TV bHusard W. SamsaNew Yorkc1974 a621.38 a144 aENGLISH